000 00282nam a2200121Ia 4500
003 OSt
005 20230902044035.0
008 170523s9999 xx 000 0 und d
040 _cIIMT UNIVERSITY
100 _aNEWSTROM JOHN W
245 0 _aORGANIZATIONAL BEHAVIOUR
942 _2ddc
_c02
999 _c10408
_d10408